Pole Vault World Leads by Year - Statistics

General Stats
  • This quiz has been taken 40 times
  • The average score is 26 of 82
Answer Stats
Year Pole Vaulter Result Country % Correct
2015 Renauld Lavillenie 6.05 France
78%
2014 Renauld Lavillenie 5.93 France
78%
2013 Renauld Lavillenie 6.02 France
78%
2012 Renauld Lavillenie 5.96 France
78%
2011 Renauld Lavillenie 5.90 France
78%
2009 Renauld Lavillenie 6.01 France
78%
1997 Sergey Bubka 6.05 Ukraine
74%
1996 Sergey Bubka 6.02 Ukraine
74%
1994 Sergey Bubka 6.14 Ukraine
74%
1993 Sergey Bubka 6.05 Ukraine
74%
1992 Sergey Bubka 6.13 Ukraine
74%
1991 Sergey Bubka 6.10 Ukraine
74%
1989 Sergey Bubka 6.00 Soviet Union
74%
1988 Sergey Bubka 6.06 Soviet Union
74%
1987 Sergey Bubka 6.03 Soviet Union
74%
1986 Sergey Bubka 6.01 Soviet Union
74%
1985 Sergey Bubka 6.00 Soviet Union
74%
1984 Sergey Bubka 5.94 Soviet Union
74%
2017 Sam Kendricks 6.00 United States
70%
2016 Thiago Braz da Silva 6.03 Brazil
52%
2009 Yelena Isinbayeva 5.06 Russia
52%
2008 Yelena Isinbayeva 5.05 Russia
52%
2007 Yelena Isinbayeva 4.91 Russia
52%
2006 Yelena Isinbayeva 4.91 Russia
52%
2005 Yelena Isinbayeva 5.01 Russia
52%
2004 Yelena Isinbayeva 4.92 Russia
52%
2003 Yelena Isinbayeva 4.82 Russia
52%
2016 Sandi Morris 5.00 United States
39%
2010 Steve Hooker 5.95 Australia
39%
2017 Ekaterini Stefanidi 4.91 Greece
35%
2015 Yarisley Silva 4.91 Cuba
35%
2013 Yarisley Silva 4.90 Cuba
35%
2008 Brad Walker 6.04 United States
30%
2007 Brad Walker 5.95 United States
30%
2006 Brad Walker 6.00 United States
30%
2004 Tim Mack 6.01 United States
26%
2001 Dmitriy Markov 6.05 Australia
22%
2002 Jeff Hartwig 5.90 United States
22%
2000 Jeff Hartwig 6.03 United States
22%
1998 Jeff Hartwig 6.01 United States
22%
2011 Jennifer Suhr 4.91 United States
22%
2010 Jennifer Suhr 4.89 United States
22%
1999 Maksim Tarasov 6.05 Russia
22%
2002 Svetlana Feofanova 4.78 Russia
22%
2002 Tim Lobinger 5.90 Germany
22%
2012 Silke Spiegelburg 4.82 Germany
17%
1999 Emma George 4.60 Australia
13%
1998 Emma George 4.59 Australia
13%
1997 Emma George 4.55 Australia
13%
1996 Emma George 4.45 Australia
13%
1995 Emma George 4.28 Australia
13%
2014 Fabiana Murer 4.80 Brazil
13%
1995 Okkert Brits 6.03 South Africa
13%
1972 Bob Seagren 5.63 United States
9%
2011 Lazaro Borges 5.90 Cuba
9%
2005 Paul Burgess 6.00 Australia
9%
1990 Rodion Gataullin 5.92 Soviet Union
9%
1989 Rodion Gataullin 6.00 Soviet Union
9%
1994 Sun Caiyun 4.12 China
9%
1993 Sun Caiyun 4.11 China
9%
1992 Sun Caiyun 4.05 China
9%
1983 Thierry Vigneron 5.83 France
9%
1980 Wladyslaw Kozakiewicz 5.78 Poland
9%
1977 Wladyslaw Kozakiewicz 5.66 Poland
9%
1970 Christos Papanikolaou 5.49 Greece
4%
1971 Kjell Isaksson 5.43 Sweden
4%
1978 Mike Tully 5.71 United States
4%
2011 Pawel Wojciehowski 5.90 Poland
4%
2003 Romain Mesnil 5.95 France
4%
2001 Stacy Dragila 4.81 United States
4%
2000 Stacy Dragila 4.63 United States
4%
1999 Stacy Dragila 4.60 United States
4%
1981 Vladimir Polyakov 5.81 Russia
4%
1982 Dave Volz 5.75 United States
0%
1976 David Roberts 5.70 United States
0%
1975 David Roberts 5.65 United States
0%
1982 Jean-Michel Bellot 5.75 France
0%
1979 Patrick Abada 5.65 France
0%
1979 Philippe Houvion 5.65 France
0%
1974 Steve Smith 5.53 United States
0%
1973 Steve Smith 5.49 United States
0%
1991 Zhang Chuzhen 4.05 China
0%
No matching quizzes found
Score Distribution
Percent of People with Each Score
Percentile by Number Answered
Your Score History
You have not taken this quiz